LEADER 03368nam 2200373 450 001 9910220010103321 005 20230331080351.0 035 $a(CKB)3800000000216616 035 $a(oapen)https://directory.doabooks.org/handle/20.500.12854/47968 035 $a(NjHacI)993800000000216616 035 $a(EXLCZ)993800000000216616 100 $a20230331d2017 by 0 101 0 $aita 135 $aurmn|---annan 181 $ctxt$2rdacontent 182 $cc$2rdamedia 183 $acr$2rdacarrier 200 10$aFra angustie di coscienza e ordine politico $eIl giuramento degli ecclesiastici all'inizio del regno di Carlo Felice (1821-1822) /$fMichele Rosboch 210 1$a[Place of publication not identified] :$cLedizioni,$d[2017] 210 4$d©2014 215 $a1 electronic resource (138 p.) 225 1 $aQuaderni del Dipartimento di Giurisprudenza ? Università di Torino 311 $a88-6705-603-4 327 $aIntroduzione -- Il giuramenlo degli ecclesiastici fra storia e dirilto durame il regno di Carlo Felice -- Premessa -- La ricostituzioni delle diocesi -- Le vicende del giurzunento degli ecclesiastiei durante il regno di Carlo Felice: fra diritto e coseienza -- ll problema giuridico del giuramento civile degli ecclesiastici: cenni storici e osservazioni canonistiche -- ll giuramento degli ecclesiastici e la politica della Restaurazione -- ll giuramento dei senatori ecclesiastici agli albori dello Statuto albertino -- Cenni conclusivi -- Appendice -- I vescovi delIe diocesi sabaude (1821-1822) -- Documenti dell'Archivio di Stato di Torino -- Documenti dell'Archivio Segreto Vaticano -- Documenti dell'Archivio della Segreteria di Stato vaticana -- Trascrizione e riproduzione di documenti. 330 $a?Fino alla metà del XX secolo il tema del giuramento ?civile? degli ecclesiastici era ancora di stretta attualità: l?istituto aveva ? però ? radici molto profonde, soprattutto nella tradizione storico-giuridica degli Stati sabaudi in epoca moderna, per passare poi alle vicende preunitarie ed alla sua formale abolizione da parte del Regno d?Italia nel 1871 con le Leggi delle guarentigie. [..] Attorno a tali vicende storico-politiche emergono nel breve volgere di alcuni mesi (dal novembre 1821 al settembre 1822) rilevanti problematiche giuridiche intorno alla legittimità dei giuramenti, alla loro natura ?ecclesiastica? e all?importanza della dispensa concessa dal papa sotto forma di un vero e proprio atto di deroga di un canone imperativo contenuto nel Liber Extra. [?] Tutto ciò si inserisce ? inoltre ? nel preciso contesto storico della Restaurazione sabauda, le cui vicende istituzionali, giuridiche e politiche costituiscono ormai da anni un terreno d?incontro di diverse prospettive storiografiche. A partire dall?impportante contributo di Enrico Genta, sull?eclettismo giuridico della Restaurazione, si sono potuti ? infatti ? cogliere alcuni caratteri delle istituzioni e della cultura giuridica del Regno di Sardegna, che erano rimasti sulla sfondo delle più tradizionali ricostruzioni?. 607 $aItaly$xHistory 676 $a945 700 $aRosboch$b Michele$0289209 801 0$bNjHacI 801 1$bNjHacl 906 $aBOOK 912 $a9910220010103321 996 $aFra angustie di coscienza e ordine politico$93084573 997 $aUNINA LEADER 03158oam 2200505 450 001 9910828900603321 005 20190911103514.0 010 $a1-4963-0588-4 010 $a1-4698-8724-X 035 $a(OCoLC)887466294 035 $a(MiFhGG)GVRL8SYR 035 $a(EXLCZ)993710000000221983 100 $a20131018h20142014 uy 0 101 0 $aeng 135 $aurun|---uuuua 181 $ctxt 182 $cc 183 $acr 200 10$aPlumer's principles & practice of infusion therapy /$fSharon M. Weinstein, MS, RN, CRNI, FACW, FAAN, Mary E. Hagle, PhD, RN, FAAN 205 $a9th ed. 210 $aPhiladelphia $cWolters Kluwer Health/Lippincott Williams & Wilkins$d2014 210 1$aPhiladelphia :$cWolters Kluwer Health,$d[2014] 210 4$d?2014 215 $a1 online resource (xxii, 830 pages) $cillustrations (some color) 225 0 $aGale eBooks 300 $aPreceded by Plumer's principles & practice of intravenous therapy / Sharon M. Weinstein. 8th ed. c2007. 311 $a1-4511-8885-4 320 $aIncludes bibliographical references and index. 327 $aHistory of infusion therapy -- Minimizing risk and enhancing performance -- Nursing role and responsibilities -- Standards of practice -- Nurse and patient education -- Anatomy and physiology applied to infusion therapy -- Diagnostic testing and values -- Fluid and electrolyte balance -- Principles of parenteral administration -- Complications and nursing interventions -- Evidence-based infusion practice -- Infusion delivery systems and safety -- Peripheral venous access -- Central venous access -- Expanded approaches to access and monitoring -- Parenteral nutrition -- Blood and component therapy -- Pharmacology applied to infusion therapy -- Antineoplastic therapy -- Pain management -- Pediatric infusion therapy -- Infusion therapy in an older adult -- Infusion therapy across the continuum of care -- The future of infusion nursing : a global approach. 330 $aThe Ninth Edition of Plumer's Principles and Practice of Infusion Therapy provides clear, concise coverage of basic and advanced infusion procedures. Rely on this new edition for the most current coverage of intravenous therapy functions, procedures, standards, and equipment, along with practical new features and emphasis on safety considerations, as well as evidence-based practice. The book begins with an overview of IV therapy, including how to minimize risk and enhance performance, and then addresses assessment and monitoring; clinical decision making; patient specific therapies, and infusi 517 3 $aPlumer's principles and practice of infusion therapy 517 3 $aPrinciples and practice of infusion therapy 606 $aIntravenous therapy 606 $aEvidence-based medicine 615 0$aIntravenous therapy. 615 0$aEvidence-based medicine. 676 $a615/.6 700 $aWeinstein$b Sharon$01699187 702 $aHagle$b Mary E. 801 0$bMiFhGG 801 1$bMiFhGG 906 $aBOOK 912 $a9910828900603321 996 $aPlumer's principles & practice of infusion therapy$94095565 997 $aUNINA